000 00216nam a2200097Ia 4500
008 240331s9999 xx 000 0 und d
082 _bSEN
100 _aSeneviratne, M
245 0 _aLeaves from the Asvattha
942 _cL
999 _c4342
_d4342